|
|
|
|
| LEADER |
00000cam a22000002c 4500 |
| 001 |
1840068817 |
| 003 |
DE-627 |
| 005 |
20250707120827.0 |
| 007 |
cr uuu---uuuuu |
| 008 |
230324s1984 xx |||||o 00| ||eng c |
| 024 |
7 |
|
|a 10.3886/ICPSR08076.v2
|2 doi
|
| 035 |
|
|
|a (DE-627)1840068817
|
| 035 |
|
|
|a (DE-599)KXP1840068817
|
| 040 |
|
|
|a DE-627
|b ger
|c DE-627
|e rda
|
| 041 |
|
|
|a eng
|
| 084 |
|
|
|a 2,1
|2 ssgn
|
| 100 |
1 |
|
|a Jacob, Herbert
|e VerfasserIn
|4 aut
|
| 245 |
1 |
0 |
|a Governmental Responses to Crime in the United States, 1948-1978
|
| 264 |
|
1 |
|a [Erscheinungsort nicht ermittelbar]
|b [Verlag nicht ermittelbar]
|c 1984
|
| 336 |
|
|
|a Text
|b txt
|2 rdacontent
|
| 337 |
|
|
|a Computermedien
|b c
|2 rdamedia
|
| 338 |
|
|
|a Online-Ressource
|b cr
|2 rdacarrier
|
| 520 |
|
|
|a The Governmental Responses to Crime Project was initiated in October 1978 as a result of the rising crime rate in urban areas of the United States and the wide variety of programs seeking to contain it. The project investigated the way in which urban governments, citizens, newspapers and state governments responded to the growth and increasing complexity of crime during the period from 1948 to 1978. Pertinent variables in this data collection include the number of police officers in cities and police expenditures, changes in laws as crime changes, populations, employment rates, family incomes, percent of non-white population, media tracking of crime, city land area, kinds of crimes, crime rates, actual numbers of offenses, penalties given out for crimes committed (time in jail or prison and fines), focus on crimes within certain geographical areas (from within cities or outside the United States), editorial page content, level of prominence of newspaper articles on individual crimes, and the number of editorials relating to specific crimes.
|
| 540 |
|
|
|a ICPSR Terms of Use
|
| 650 |
|
4 |
|a Assault
|
| 650 |
|
4 |
|a Burglary
|
| 650 |
|
4 |
|a Cities
|
| 650 |
|
4 |
|a correctional facilities
|
| 650 |
|
4 |
|a Courts
|
| 650 |
|
4 |
|a Crime
|
| 650 |
|
4 |
|a CRIMINAL justice system
|
| 650 |
|
4 |
|a felony offenses
|
| 650 |
|
4 |
|a Jails
|
| 650 |
|
4 |
|a police departments
|
| 650 |
|
4 |
|a population characteristics
|
| 650 |
|
4 |
|a prosecuting attorneys
|
| 650 |
|
4 |
|a Rape
|
| 650 |
|
4 |
|a Sentencing
|
| 650 |
|
4 |
|a states (USA)
|
| 650 |
|
4 |
|a Theft
|
| 650 |
|
4 |
|a urban communities
|
| 650 |
|
4 |
|a Victimization
|
| 655 |
|
7 |
|a Forschungsdaten
|0 (DE-588)1098579690
|0 (DE-627)857755366
|0 (DE-576)469182156
|2 gnd-content
|
| 787 |
0 |
8 |
|i Forschungsdaten zu
|a Greenblatt, Susan L.
|t Boston in the Post-World War 2 Period Latent Political Conflict Becomes Blatant
|d [Erscheinungsort nicht ermittelbar] : United States Department of Justice, National Institute of Justice, 1980
|w (DE-627)1912469391
|
| 787 |
0 |
8 |
|i Forschungsdaten zu
|a Beecher, Janice A.
|t Community power, the urban agenda, and crime policy
|d 1981
|w (DE-627)1912485443
|
| 787 |
0 |
8 |
|i Forschungsdaten zu
|a McPherson, Marlys
|t Controlling Vice in Minneapolis During the 1970's
|d [Erscheinungsort nicht ermittelbar] : United States Department of Justice, National Institute of Justice, 1980
|w (DE-627)1912492237
|
| 787 |
0 |
8 |
|i Forschungsdaten zu
|a Guyot, D.
|t Coping With Crime in Newark
|d [Erscheinungsort nicht ermittelbar] : United States Department of Justice, National Institute of Justice, 1980
|w (DE-627)1912492962
|
| 787 |
0 |
8 |
|i Forschungsdaten zu
|a Jacob, Herbert, 1933 - 1996
|t Crime and Governmental Responses in American Cities
|d [Erscheinungsort nicht ermittelbar] : Northwestern University Center for Urban Affairs and Policy Research, 1982
|w (DE-627)1912496550
|
| 787 |
0 |
8 |
|i Forschungsdaten zu
|a Heinz, Anne
|t Crime in City Politics
|d [Erscheinungsort nicht ermittelbar] : Longman, 1983
|w (DE-627)1912498154
|
| 787 |
0 |
8 |
|i Forschungsdaten zu
|a Jacob, Herbert
|t Crime on Urban Agendas
|d [Erscheinungsort nicht ermittelbar] : Northwestern University Center for Urban Affairs and Policy Research, 1982
|w (DE-627)1912498928
|
| 787 |
0 |
8 |
|i Forschungsdaten zu
|a Atkins, Raymond A.
|t Effects of criminal procedure on crime rates: Mapping out the consequences of the exclusionary rule
|d 2003
|w (DE-627)1912530864
|
| 787 |
0 |
8 |
|i Forschungsdaten zu
|a Jacob, Herbert
|t The effects of the police on crime: A second look
|d 1981
|w (DE-627)1912532611
|
| 787 |
0 |
8 |
|i Forschungsdaten zu
|a Jacob, H.
|t The Frustration of Policy: Responses to Crime by American Cities
|d [Erscheinungsort nicht ermittelbar] : Little, Brown, and Co., 1984
|w (DE-627)191256307X
|
| 787 |
0 |
8 |
|i Forschungsdaten zu
|a Jacob, Herbert
|t Governmental Responses to Crime: Crime and Governmental Responses in American Cities
|d [Erscheinungsort nicht ermittelbar] : United States Department of Justice, National Institute of Justice, 1982
|w (DE-627)1912568683
|
| 787 |
0 |
8 |
|i Forschungsdaten zu
|a Jacob, Herbert, 1933 - 1996
|t Governmental Responses to Crime: Crime on Urban Agendas
|d [Erscheinungsort nicht ermittelbar] : United States Department of Justice, National Institute of Justice, 1982
|w (DE-627)1912568691
|
| 787 |
0 |
8 |
|i Forschungsdaten zu
|a Jacob, Herbert, 1933 - 1996
|t Governmental Responses to Crime, Executive Summary
|d [Erscheinungsort nicht ermittelbar] : United States Department of Justice, National Institute of Justice, 1982
|w (DE-627)1912568705
|
| 787 |
0 |
8 |
|i Forschungsdaten zu
|a Jacob, Herbert
|t Governmental Responses to Crime, Final Report
|d [Erscheinungsort nicht ermittelbar] : United States Department of Justice, National Institute of Justice, 1982
|w (DE-627)1912568713
|
| 787 |
0 |
8 |
|i Forschungsdaten zu
|a Heinz, Anne M.
|t Governmental Responses to Crime - Legislative Respondes to Crime - The Changing Content of Criminal Law
|d [Erscheinungsort nicht ermittelbar] : United States Department of Justice, National Institute of Justice, 1982
|w (DE-627)1912568721
|
| 787 |
0 |
8 |
|i Forschungsdaten zu
|a Jacob, Herbert
|t Keeping pace: Court resources and crime in ten U.S. cities
|d 1982
|w (DE-627)1912604817
|
| 787 |
0 |
8 |
|i Forschungsdaten zu
|a Heinz, Anne M.
|t Legislative Responses to Crime: The Changing Content of Criminal Law
|d [Erscheinungsort nicht ermittelbar] : Northwestern University Center for Urban Affairs and Policy Research, 1982
|w (DE-627)1912608189
|
| 787 |
0 |
8 |
|i Forschungsdaten zu
|a Selke, William L.
|t The politics of police reporting in Indianapolis, 1948-1978
|d 1982
|w (DE-627)1912655764
|
| 787 |
0 |
8 |
|i Forschungsdaten zu
|a Beecher, J.A.
|t Politics of police responses to urban crime
|d Sage Publications, 1981
|w (DE-627)1912655772
|
| 787 |
0 |
8 |
|i Forschungsdaten zu
|a Mladenka, Kenneth R., 1943 -
|t Urban Profile - Houston
|d [Erscheinungsort nicht ermittelbar] : United States Department of Justice, National Institute of Justice
|w (DE-627)1912737159
|
| 787 |
0 |
8 |
|i Forschungsdaten zu
|a McPherson, Marlys
|t Urban Profile: Minneapolis, Minnesota, 1948-1978
|d [Erscheinungsort nicht ermittelbar] : Minnesota Crime Prevention Center, 1980
|w (DE-627)1912737167
|
| 787 |
0 |
8 |
|i Forschungsdaten zu
|a Pepinsky, Harold
|t Urban Profile of Governmental Responses to Crime in Indianapolis 1948-1978
|d [Erscheinungsort nicht ermittelbar] : United States Department of Justice, National Institute of Justice, 1980
|w (DE-627)1912737175
|
| 856 |
4 |
0 |
|u https://doi.org/10.3886/ICPSR08076.v2
|x Resolving-System
|z kostenfrei
|3 Volltext
|7 0
|
| 935 |
|
|
|a mkri
|
| 951 |
|
|
|a BO
|
| ELC |
|
|
|a 1
|
| LOK |
|
|
|0 000 xxxxxcx a22 zn 4500
|
| LOK |
|
|
|0 001 4296816683
|
| LOK |
|
|
|0 003 DE-627
|
| LOK |
|
|
|0 004 1840068817
|
| LOK |
|
|
|0 005 20230324125346
|
| LOK |
|
|
|0 008 230324||||||||||||||||ger|||||||
|
| LOK |
|
|
|0 035
|a (DE-2619)ICPSR8076
|
| LOK |
|
|
|0 040
|a DE-2619
|c DE-627
|d DE-2619
|
| LOK |
|
|
|0 092
|o n
|
| LOK |
|
|
|0 852
|a DE-2619
|
| LOK |
|
|
|0 852 1
|9 00
|
| LOK |
|
|
|0 935
|a foda
|a nacj
|
| LOK |
|
|
|0 939
|a 24-03-23
|b l01
|
| OAS |
|
|
|a 1
|
| ORI |
|
|
|a SA-MARC-krimdoka001.raw
|